LEADER 01192cam2 2200385 450 001 990001591650203316 005 20130131092831.0 035 $a000159165 035 $aUSA01000159165 035 $a(ALEPH)000159165USA01 035 $a000159165 100 $a20040422f---0---9km-y0itay50------ba 101 2 $afre$cgrc 102 $aFR 105 $ay|||z|||001yy 200 1 $aOpuscules rhétoriques$fDenys d'Halicarnasse 210 $aParis$cLes belles lettres 215 $avolumi$d20 cm 225 2 $aCollection des universités de France 300 $aTesto originale a fronte 410 0$1001000279059$12001$aCollection des universités de France 676 $a885.01 700 0$aDIONYSIUS :$cHalicarnassensis$0714438 801 0$aIT$bsalbc$gISBD 912 $a990001591650203316 951 $aXV.8. Coll. 1/ 35/$bL.M.$cXV.8. Coll. 951 $aV.1. Coll. 24/ 77/ (VIII A Coll. 36/)$bL.M.$cV.1. Coll. 959 $aBK 969 $aFSO 969 $aUMA 979 $aIANNONE$b10$c20040422$lUSA01$h0851 979 $aANNAMARIA$b90$c20121018$lUSA01$h1352 979 $aANNAMARIA$b90$c20130131$lUSA01$h0928 996 $aOpuscules rhétoriques$91381264 997 $aUNISA LEADER 00960nam0-22002771i-450 001 990004986610403321 005 20230314124830.0 035 $a000498661 035 $aFED01000498661 035 $a(Aleph)000498661FED01 100 $a19990530g19499999km-y0itay50------ba 101 0 $aeng 102 $aGB 105 $ay---a---001yy 200 1 $a<>poems of Samuel Taylor Coleridge$eincluding poems and versions of poems herein publisched for the first time$fedited with textual and bibliographical notes by Ernest Hartley Coleridge 210 $aLondon [etc.]$cOxford University Press$d1949 215 $aXXIII, 614 p.$d19 cm 700 1$aColeridge,$bSamuel Taylor$f<1772-1834>$0163475 702 1$aColeridge,$bErnest Hartley 801 0$aIT$bUNINA$gRICA$2UNIMARC 901 $aBK 912 $a990004986610403321 952 $aN 30 (05)$bFil. Mod. s.i.$fFLFBC 959 $aFLFBC 996 $aPoems of Samuel Taylor Coleridge$9446925 997 $aUNINA